000 00678nam a2200241Ia 4500
003 OSt
005 20220925220523.0
006 a|||||r|||| 00| 0
007 ta
008 220923b |||||||| |||| 00| 0 eng d
037 _cGeneral Book
040 _aRTL
_cRTL
_beng
041 _2eng
_aeng
082 _aX6xM83:g, M8
100 _aPEDEN G C
_9284967
245 0 _aKeynes, the treasury and British economic policy
260 _aLondon
_bMacmillan
_c1988
300 _a71p
_ccm.
490 _aStudies in economic and social history
650 _aJohn Maynard Keynes
942 _hX6xM83:g, M8
_cGB
_2CC
999 _c571718
_d571718